000 00858nam a22002417a 4500
999 _c21617
_d21617
003 AR-CdUCM
008 201016b ||||| |||| 00| 0 eng d
020 _a9788416714100
040 _aMUNICIPALIDAD PROVINCIAL DEL CUSCO
_cBIBLIOTECA MUNICIPAL DEL CUSCO
082 _a418.007/D21
_bD21
100 _aDorren, Gaston
_945548
245 _aLingo :
_bguía de Europa para el turista lingüístico /
_cGaston Dorren
260 _aMadrid ;
_bTurner,
_c2017.
300 _a384 páginas. :
_bilustraciones ;
_c22 cm.
505 _aContenido: Una lengua a pie firme Lituano -- Los hermanos separados lenguas Finoúgrias -- Querida mamá Frances ...
650 _aLengua
_92065
650 _aLingüística
_91640
650 _aIdiomas
_924850
650 _aGuía turística europea
_945549
650 _aEuropa
_91221
942 _2ddc
_cLIBROS
945 _aVarinia